Disney Movie Song lyrics - Statistics

General Stats
  • This quiz has been taken 2,547 times
  • The average score is 29 of 36
Answer Stats
Answer % Correct
Do you wanna _____ a snowman [Frozen] build
98%
Circle of ____ [Lion King] life
98%
___ is a highway [Cars] life
98%
Be ___ Guest [Beauty and the Beast] our
97%
For the first time in __________[Frozen] forever
96%
Let it __ [Frozen] go
96%
I just can't wait to be ____ [Lion King] king
96%
____ necessities [Bare Necessities} bare
95%
Under the ___ [Little Mermaid] sea
94%
Love is an open ____ [Frozen] door
93%
_______ Matata [Lion King] hakuna
93%
I won't say I'm in _____ [Hercules] love
93%
I'll make a ___ out of you [Mulan] man
93%
_____ of the wind [Pocohantas] colors
91%
I ___ the light [Tangled] see
90%
Part of your _____ [Little Mermaid] world
90%
___'ll be in my heart [Tarzan] you
88%
A ______ is a wish your heart makes [Cinderella] dream
87%
Almost _____ [Princess and the frog] there
87%
I _____ be like you [Jungle Book] wanna
87%
When will my life _____ [Tangled] begin
86%
Zero to ____ [Hercules] hero
86%
You can ___! You can ___! You can ___! [Peter Pan] fly
84%
A girl worth ______ for [Mulan] fighting
82%
____ the girl [Little Mermaid] kiss
82%
Go the _______ [Hercules] distance
75%
______ like me [Aladdin] friend
70%
Just around the ________ [Pocohantas] riverbend
68%
Honor to __ all [Mulan] us
67%
Hot ___ [Mickey Mouse Clubhouse] dog
66%
One ____ ahead [Aladdin] jump
65%
When she ____ me [Toy Story] loved
54%
The gospel _____ [Hercules] truth
52%
God ____ the outcasts [Hunchback of Notre Dame] help
47%
Never ____ at a crocodile [Peter Pan] smile
37%
If I _____ knew you [Pocohantas] never
31%
No matching quizzes found
Score Distribution
Percent of People with Each Score
Percentile by Number Answered
Your Score History
You have not taken this quiz